000 00694cam a2200253 4500500
005 20260329005139.0
041 _afre
042 _adc
100 1 0 _aEltchaninoff, Michel
_eauthor
245 0 0 _aL’intuition, ça s’apprend ?
260 _c2022.
500 _a31
690 _aAvenir
690 _aBergson
690 _aÉcole
690 _aEsprit
690 _aIntuition
690 _aMétaphysique
690 _aPerception
690 _aProphétie
690 _aVoyance
786 0 _nPhilosophie magazine | 162 | 9 | 2022-09-01 | p. 31-32 | 1951-1787
856 4 1 _uhttps://shs.cairn.info/magazine-philosophie-magazine-2022-9-page-31?lang=fr&redirect-ssocas=7080
999 _c1840734
_d1840734